000 00912nam a22003137a 4500
001 0000208
003 KOHA_MİRAKIL
005 20260207001203.0
007 ta
008 110823b2003 tu a|||gr||||#0|||0|tur |
020 _a9756683120
_q
_cYTL17,889999999999898
040 _aTR-BiSEU
_btur
_cTR-BiSEU
_erda
041 0 _atur
044 _ctu
050 _aQA37.2
_b.B35 2003
100 1 _aBalcı, Mustafa.
245 1 _aÇözümlü genel matematik problemleri/
_cMustafa Balcı ; Balcı Mustafa.
264 1 _aAnkara :
_bBalcı Yayınları
_c2003
300 _ac.: resimli ;
_c20 cm.
336 _ametin
_btxt
_2rdacontent
337 _aaracısız
_bn
_2rdamedia
338 _acilt
_bnc
_2rdacarrier
650 0 _aHesap.
_92068
650 0 _aHesap--Problemler, alıştırmalar vb.
_92069
650 0 _aMathematics.
_92070
650 0 _aMatematik.
_91486
907 _aOkuma Kitabı
942 _2lcc
_cBK
999 _c209
_d209